[Event "GCT 2024 Saint Louis - Blitz"]
[Site "Saint Louis"]
[Date "15.08.2024"]
[Round "8B"]
[White "Nakamura, Hikaru"]
[Black "So, Wesley"]
[Result "0-1"]
[WhiteElo "2802"]
[BlackElo "2751"]
[EventDate "2024.08.14"]

1. Nf3 d5 2. g3 c5 3. Bg2 Nc6 4. d4 Nf6 5. O-O e6 6. e3 Be7 7. b3 O-O 8.
dxc5 Bxc5 9. Bb2 b6 10. c4 Bb7 11. Qe2 dxc4 12. Rd1 Qe7 13. Qxc4 Rfd8 14.
Nc3 Rxd1+ 15. Rxd1 Rd8 16. Qe2 h6 17. Ne1 Rxd1 18. Qxd1 Nb4 19. a3 Nc6 20.
b4 Bd6 21. Qa4 Qd7 22. Ne4 Nxe4 23. Bxe4 a6 24. Qd1 Qc7 25. Nf3 f5 26. Bd3
Ne5 27. Be2 Qc6 28. Bxe5 Bxe5 29. h4 Bb2 30. a4 Bf6 31. b5 axb5 32. axb5
Qd5 33. Qxd5 Bxd5 34. Nd2 Kf8 35. Bc4 Ke7 36. Bxd5 exd5 37. Nb3 Kd6 38. Kf1
d4 39. Ke2 Kd5 40. exd4 Bxd4 41. Kf3 Be5 42. g4 Kc4 43. Nd2+ Kxb5 44. gxf5
Kc5 45. Ke4 Bf6 46. h5 b5 47. f4 b4 48. Kd3 b3 0-1